000 00582cam a22002053a 4500
001 39008
003 PGUSA
005 20140828083848.0
008 120228s2012||||xxu|||||s|||||000 | eng d
040 _aPGUSA
_beng
042 _adc
100 1 _aStowe, Harriet Beecher,
_d1811-1896
245 1 0 _aDe kleine vossen
_h[electronic resource] /
_cHarriet Beecher Stowe
260 _bProject Gutenberg,
_c2012
506 _aPublic domain in the USA.
516 _aElectronic text
830 0 _aProject Gutenberg
_v39008
856 4 0 _uhttp://www.gutenberg.org/ebooks/39008
942 _cEB
999 _c268261
_d268261